| 000 | 00624nam a2200229 a 4500 | ||
|---|---|---|---|
| 001 | 64853 | ||
| 003 | BD-RjUL | ||
| 005 | 20211209081346.0 | ||
| 008 | 190319s19951989bg a b 001 0 eng d | ||
| 035 | _a(BD-RjUL)64980 | ||
| 040 |
_aDLC _cDLC _dDLC _dBD-RjUL _beng |
||
| 041 | _aeng | ||
| 082 | 0 | 0 |
_223 _a657 _bKHA 1995 |
| 100 |
_a Khan, Md. Muinuddin. _9229458 |
||
| 245 |
_aAdvanced accounting / _cby Md. Muinuddin Khan. |
||
| 250 | _a7th ed | ||
| 260 |
_aDhaka : _bIdeal Library, _c1989 [reprinted 1995] |
||
| 300 |
_a v.: _bill.; _c24 cm. |
||
| 505 | 0 | 1 | _aVol. 2 -- |
| 650 |
_aAccounting _9229459 |
||
| 942 |
_2ddc _cBK |
||
| 999 |
_c64853 _d64853 |
||